| 000 | 01933cam a2200277 i 4500 | ||
|---|---|---|---|
| 001 | 18934 | ||
| 003 | CO-MdFUSB | ||
| 005 | 20221110115359.0 | ||
| 008 | 220813t2008 sp |||| |||| 00| 0 spa d | ||
| 040 |
_bspa. _aCO-MdFUSB _cCO-MdFUSB _dCO-MdFUSBC _erda |
||
| 041 | _aspa | ||
| 082 | 0 | 4 | _aR P7378o |
| 100 | 1 | _aPlutarco | |
| 245 | 1 | 0 |
_aObras morales y de costumbres = Moralia _c/ Plutarco |
| 264 | 1 |
_aMadrid : _bGredos, _c[2008] |
|
| 264 | 4 | _c© 2008 | |
| 300 |
_aVolúmenes: 2-4, 6-8, 10-13 _c; |
||
| 336 |
_2rdacontent _atexto _btxt |
||
| 337 |
_2rdamedia _asin mediación _bn |
||
| 338 |
_2rdacarrier _avolumen _bnc |
||
| 501 | _apasta dura | ||
| 505 | _a\Vol. 2: Sobre la fortuna -- Sobre la virtud y el vicio -- Escrito de consolación a Apolonio -- Consejos para conservar la salud -- Deberes del matrimonio -- Banquete de los Siete Sabios -- Sobre la superstición \ Vol. 3: Máximas de reyes y generales -- Máximas de romanos -- Máximas de espartanos -- Antiguas costumbres de los espartanos -- Máximas de mujeres espartanas -- Virtudes de mujeres \ Vol. 4: Charlas de sobremesa \ Isis y Osiris -- Diálogos píticos \ Vol.7: Sobre la virtud moral -- Sobre el refrenamiento de la ira -- sobre la paz del alma -- sobre el amor fraterno -- Si las pasiones del alma son peores que las del cuerpo -- Sobre el entrometimiento \ Vol. 8: Sobre el amor a la riqueza -- Sobre la falsa vergüenza -- sobre la envidia y el odio -- De la tardanza de la divinidad en castigar -- Sobre el demon de Sócrates -- Sobre el destierro \Vol.10: Erótico -- narraciones de amor -- Consejos políticos -- sobre la monarquía, la democracia y la oligarquía -- Comparación de aritófanes y menandro \ Vol. 11: Tratados platónicos -- Tratados antiestoicos \ Vol.12: Tratados antiepicúreos\ Vol.13: sobre la música (pseudo Plutarco) | ||
| 650 | 1 | 4 | _aLITERATURA GRIEGA - SIGLO I - II \ OBRA CLASICA |
| 942 | _cBK | ||
| 945 | _aEstudiante | ||
| 999 |
_c45327 _d45327 |
||